[Event "CZE-chT2E 2122"]
[Site "Czech Republic"]
[Date "2022.01.30"]
[Round "7.3"]
[White "Zpevakova, Jana"]
[Black "Kuchar, Matej"]
[Result "1-0"]
[WhiteElo "2090"]
[BlackElo "1982"]
[PlyCount "91"]
[EventDate "2021.10.17"]
[EventType "team-tourn"]
[EventRounds "11"]
[EventCountry "CZE"]
[SourceTitle "EXT 2024"]
[Source "ChessBase"]
[SourceDate "2023.10.10"]
[SourceVersion "1"]
[SourceVersionDate "2023.10.10"]
[SourceQuality "1"]
[WhiteTeam "Brno Lokomotiva"]
[BlackTeam "Jundrov Jezdci"]
[WhiteTeamCountry "CZE"]
[BlackTeamCountry "CZE"]

1. d4 Nf6 2. c4 c5 3. d5 b5 4. cxb5 a6 5. bxa6 Bxa6 6. Nc3 d6 7. g3 Nbd7 8. Rb1 g6 9. Bg2 Nb6 10. b3 Bg7 11. Nf3 Bb7 12. e4 Ba6 13. Bf1 Bxf1 14. Kxf1 0-0 15. a4 Qd7 16. Kg2 c4 17. Be3 Rfb8 18. Bxb6 Rxb6 19. b4 Nxe4 20. Nxe4 Rxa4 21. b5 Ra5 22. Nd4 Qb7 23. Nc6 Raxb5 24. Rxb5 Rxb5 25. Qd2 h6 26. Rc1 f5 27. Nc3 Rb2 28. Qe3 e5 29. h4 h5 30. Nd8 Qb6 31. Qxb6 Rxb6 32. Rb1 Rxb1 33. Nxb1 e4 34. Na3 c3 35. Kf1 f4 36. Ne6 fxg3 37. fxg3 Be5 38. Kg2 e3 39. Nc2 e2 40. Nf4 Kg7 41. Nxe2 Kf6 42. Kf3 g5 43. hxg5+ Kxg5 44. Nf4 Kf5 45. Nxh5 Bxg3 46. Kxg3 1-0

[Event "CZE-chT1E 2122"]
[Site "Czech Republic"]
[Date "2022.01.22"]
[Round "6.2"]
[White "Zpevakova, Jana"]
[Black "Pilch, Roman"]
[Result "0-1"]
[WhiteElo "2093"]
[BlackElo "2113"]
[PlyCount "90"]
[EventDate "2021.10.09"]
[EventType "team-tourn"]
[EventRounds "11"]
[EventCountry "CZE"]
[SourceTitle "EXT 2023"]
[Source "ChessBase"]
[SourceDate "2022.10.05"]
[SourceVersion "1"]
[SourceVersionDate "2022.10.05"]
[SourceQuality "1"]
[WhiteTeam "Stare Mesto"]
[BlackTeam "Trinec"]
[WhiteTeamCountry "CZE"]
[BlackTeamCountry "CZE"]

1. d4 Nf6 2. c4 c6 3. Nf3 d5 4. Nc3 a6 5. e3 b5 6. c5 Bg4 7. h3 Bxf3 8. Qxf3 Nbd7 9. g4 e5 10. g5 e4 11. Qe2 Ng8 12. h4 h6 13. g6 fxg6 14. Qg4 Qf6 15. Bh3 Rd8 16. Ne2 Be7 17. Nf4 Nf8 18. h5 g5 19. Ne2 Qf7 20. Ng3 Nf6 21. Qf5 g6 22. hxg6 Nxg6 23. Qe6 Qxe6 24. Bxe6 Nh4 25. Bd2 Rb8 26. Ba5 Bd8 27. Bxd8 Kxd8 28. Nf5 Nxf5 29. Bxf5 g4 30. Ke2 Ke7 31. Rh4 Rbg8 32. a4 b4 33. a5 Rg5 34. Ra4 Rxf5 35. Rxb4 Nd7 36. Rxg4 h5 37. Rg2 h4 38. Rb7 h3 39. Rh2 Kd8 40. Ra7 Kc8 41. Ra8+ Nb8 42. Ra7 Rfh5 43. Rg7 Nd7 44. Kd2 Kc7 45. Kc3 R8h7 0-1

[Event "CZE-chT1E 2122"]
[Site "Czech Republic"]
[Date "2021.11.28"]
[Round "4.3"]
[White "Zpevakova, Jana"]
[Black "Skacelik, Petr"]
[Result "1/2-1/2"]
[WhiteElo "2093"]
[BlackElo "2159"]
[PlyCount "36"]
[EventDate "2021.10.09"]
[EventType "team-tourn"]
[EventRounds "11"]
[EventCountry "CZE"]
[SourceTitle "EXT 2023"]
[Source "ChessBase"]
[SourceDate "2022.10.05"]
[SourceVersion "1"]
[SourceVersionDate "2022.10.05"]
[SourceQuality "1"]
[WhiteTeam "Stare Mesto"]
[BlackTeam "Brno Moravska Slavia II"]
[WhiteTeamCountry "CZE"]
[BlackTeamCountry "CZE"]

1. d4 Nf6 2. c4 g6 3. Nc3 Bg7 4. Nf3 d6 5. Bg5 0-0 6. e3 h6 7. Bh4 g5 8. Bg3 Nh5 9. Qc2 e6 10. Bd3 f5 11. 0-0-0 Qe7 12. h3 Nxg3 13. fxg3 c5 14. g4 Nc6 15. dxc5 dxc5 16. a3 Bd7 17. Rd2 Rad8 18. Rhd1 Bc8 1/2-1/2

[Event "CZE-ch Betsys Online Blitz"]
[Site "Chess.com INT"]
[Date "2021.04.17"]
[Round "9"]
[White "Novotny, Michal"]
[Black "Zpevakova, Jana"]
[Result "1-0"]
[WhiteElo "2243"]
[BlackElo "2093"]
[PlyCount "123"]
[EventDate "2021.04.17"]
[EventType "swiss (blitz)"]
[EventRounds "13"]
[EventCountry "CZE"]
[SourceTitle "CBM 201 Extra"]
[Source "ChessBase"]
[SourceDate "2021.05.31"]
[SourceVersion "1"]
[SourceVersionDate "2021.05.31"]
[SourceQuality "1"]

1. d4 d5 2. Nc3 Nf6 3. Bf4 c5 4. e3 Nc6 5. Nb5 Qa5+ 6. c3 e5 7. Bxe5 Nxe5 8. dxe5 Ng4 9. Qxd5 Be6 10. Qe4 Rd8 11. Nf3 a6 12. Na3 Be7 13. Bc4 Nh6 14. Bxe6 fxe6 15. Nc4 Qc7 16. 0-0 0-0 17. Rfd1 b5 18. Ncd2 Nf5 19. Nf1 c4 20. Ng3 Nxg3 21. hxg3 Bc5 22. Nd4 Qf7 23. Rd2 Rd5 24. f4 g5 25. Rf1 g4 26. a3 Rfd8 27. f5 exf5 28. Rxf5 Qe7 29. Qxg4+ Kh8 30. Rdf2 Rxe5 31. Rf7 Qg5 32. Qxg5 Rxg5 33. R7f5 Bxd4 34. exd4 Rg6 35. Kh2 Kg7 36. Rf7+ Kh6 37. R7f6 Kg7 38. Rxg6+ hxg6 39. g4 Rh8+ 40. Kg3 Rh1 41. Rd2 Rb1 42. d5 Kf7 43. d6 Ke8 44. d7+ Kd8 45. Kf4 Re1 46. Kg5 Re4 47. g3 a5 48. Kh4 Re5 49. g5 Re4+ 50. Kh3 b4 51. axb4 axb4 52. cxb4 Re1 53. Kg4 Re4+ 54. Kf3 Re5 55. Kf4 Re1 56. Rd4 Rb1 57. Rxc4 Rxb2 58. Rd4 Rb3 59. Ke5 Rf3 60. Ke6 Rxg3 61. Kf6 Rf3+ 62. Kxg6 1-0

[Event "CZE-ch Betsys Online Blitz"]
[Site "Chess.com INT"]
[Date "2021.04.17"]
[Round "13"]
[White "Zpevakova, Jana"]
[Black "Roubal, Matyas"]
[Result "1-0"]
[WhiteElo "2093"]
[BlackElo "1643"]
[PlyCount "143"]
[EventDate "2021.04.17"]
[EventType "swiss (blitz)"]
[EventRounds "13"]
[EventCountry "CZE"]
[SourceTitle "CBM 201 Extra"]
[Source "ChessBase"]
[SourceDate "2021.05.31"]
[SourceVersion "1"]
[SourceVersionDate "2021.05.31"]
[SourceQuality "1"]

1. d4 d5 2. c4 e6 3. Nf3 c5 4. e3 Nc6 5. Nc3 Nf6 6. cxd5 exd5 7. Be2 cxd4 8. exd4 Bd6 9. Bg5 0-0 10. 0-0 Be6 11. Rc1 a6 12. Bh4 h6 13. Re1 Rc8 14. Bd3 Re8 15. Bb1 Bb8 16. a3 g5 17. Bg3 Bxg3 18. hxg3 Bg4 19. Qd3 Kg7 20. Ne5 Ne4 21. Nxe4 dxe4 22. Qxe4 f5 23. Nxc6 fxe4 24. Nxd8 Rxc1 25. Rxc1 Rxd8 26. Rc7+ Kf6 27. Bxe4 Rxd4 28. Bf3 Bxf3 29. gxf3 Rd1+ 30. Kg2 b5 31. Rc6+ Kg7 32. Rxa6 Rb1 33. Rb6 Rxb2 34. a4 b4 35. a5 Ra2 36. a6 b3 37. Rb7+ Kg6 38. a7 b2 39. g4 Rxa7 40. Rxb2 Rf7 41. Rb6+ Rf6 42. Rxf6+ Kxf6 43. Kh3 Ke6 44. Kh2 Kd5 45. Kh3 Kd4 46. Kg2 Kd5 47. Kf1 Ke5 48. Ke1 Kd5 49. Ke2 Kd4 50. Kd2 Kc4 51. Ke3 Kd5 52. f4 Ke6 53. fxg5 hxg5 54. Ke4 Kf6 55. Kd5 Kg6 56. Ke6 Kg7 57. Kf5 Kh6 58. Kf6 Kh7 59. Kxg5 Kg7 60. f4 Kf7 61. f5 Kg7 62. Kf4 Kf7 63. g5 Kg7 64. Ke5 Kf7 65. f6 Kg6 66. Ke6 Kxg5 67. f7 Kg6 68. f8Q Kh7 69. Qf1 Kg6 70. Qg1+ Kh5 71. Kf5 Kh6 72. Qg6# 1-0

[Event "CZE-ch blitz (Women)"]
[Site "Prague"]
[Date "2019.12.21"]
[Round "8"]
[White "Petrova, Kristyna"]
[Black "Zpevakova, Jana"]
[Result "1-0"]
[WhiteElo "2230"]
[BlackElo "2114"]
[PlyCount "123"]
[EventDate "2019.12.21"]
[EventType "swiss (blitz)"]
[EventRounds "15"]
[EventCountry "CZE"]
[SourceTitle "CBM 194 Extra"]
[Source "ChessBase"]
[SourceDate "2020.03.31"]
[SourceVersion "1"]
[SourceVersionDate "2020.03.31"]
[SourceQuality "1"]

1. e4 c6 2. d4 d5 3. Nc3 dxe4 4. Nxe4 Bf5 5. Ng3 Bg6 6. Nf3 Nd7 7. h4 h6 8. h5 Bh7 9. Bd3 Bxd3 10. Qxd3 e6 11. Bd2 Ngf6 12. 0-0-0 Be7 13. Ne4 Nxe4 14. Qxe4 Nf6 15. Qe2 Qd5 16. Kb1 Qb5 17. Qxb5 cxb5 18. Ne5 Rc8 19. g4 Ne4 20. Be3 0-0 21. f3 Nd6 22. d5 exd5 23. Rxd5 a6 24. Rhd1 Rfe8 25. Bc1 Rc7 26. c3 Bf6 27. Bf4 Nc4 28. Nd7 Rcc8 29. Nxf6+ gxf6 30. Bxh6 Rc7 31. Bc1 Rce7 32. Rd7 Kh7 33. b3 Ne5 34. Rxe7 Rxe7 35. Rf1 Rd7 36. Kc2 Kg7 37. Bf4 Nc6 38. Rd1 Re7 39. Rd2 Kh7 40. Rg2 b4 41. Bd2 bxc3 42. Bxc3 Kg7 43. g5 Rc7 44. gxf6+ Kh6 45. Kb2 b5 46. a3 Nd8 47. Re2 Ne6 48. Be5 Rc5 49. f4 Kh7 50. Rd2 a5 51. Rd7 Kg8 52. Re7 b4 53. axb4 axb4 54. Rb7 Rd5 55. Rxb4 Rd2+ 56. Ka3 Nc5 57. Rb8+ Kh7 58. Rf8 Rd7 59. b4 Nd3 60. Kb3 Nc1+ 61. Kc4 Ne2 62. b5 1-0

[Event "CZE-chT1E 1920"]
[Site "Czech Republic"]
[Date "2019.11.10"]
[Round "2.4"]
[White "Zpevakova, Jana"]
[Black "Daniel, Jiri"]
[Result "1-0"]
[WhiteElo "2109"]
[BlackElo "1991"]
[PlyCount "45"]
[EventDate "2019.10.20"]
[EventType "team-tourn"]
[EventRounds "11"]
[EventCountry "CZE"]
[SourceTitle "CBM 193 Extra"]
[Source "ChessBase"]
[SourceDate "2020.01.31"]
[SourceVersion "1"]
[SourceVersionDate "2020.01.31"]
[SourceQuality "1"]
[WhiteTeam "Stare Mesto"]
[BlackTeam "Rychnov nad Kneznou"]
[WhiteTeamCountry "CZE"]
[BlackTeamCountry "CZE"]

1. d4 Nf6 2. c4 d6 3. Nf3 g6 4. Nc3 Bg7 5. Bg5 Nc6 6. d5 Ne5 7. e4 Bg4 8. Be2 Nxf3+ 9. Bxf3 Qd7 10. h3 Bxf3 11. Qxf3 c5 12. 0-0 h6 13. Bd2 g5 14. Qe2 0-0-0 15. Rab1 g4 16. h4 Nh5 17. b4 Be5 18. bxc5 dxc5 19. Nb5 a6 20. Na7+ Kc7 21. Ba5+ Kb8 22. Nc6+ Ka8 23. Nxe5 1-0

[Event "Pardubice op rapid 30th"]
[Site "Pardubice"]
[Date "2019.07.18"]
[Round "5"]
[White "Zpevakova, Jana"]
[Black "Ret, Adam Josef"]
[Result "1-0"]
[WhiteElo "2109"]
[BlackElo "1943"]
[PlyCount "61"]
[EventDate "2019.07.17"]
[EventType "swiss (rapid)"]
[EventRounds "9"]
[EventCountry "CZE"]
[SourceTitle "CBM 191 Extra"]
[Source "ChessBase"]
[SourceDate "2019.09.30"]
[SourceVersion "1"]
[SourceVersionDate "2019.09.30"]
[SourceQuality "1"]

1. d4 Nf6 2. c4 g6 3. Nc3 d5 4. cxd5 Nxd5 5. Bd2 Bg7 6. Nf3 0-0 7. Rc1 Nxc3 8. Bxc3 Bg4 9. e3 Nd7 10. h3 Bf5 11. Bc4 c6 12. Qe2 Be4 13. 0-0 Nb6 14. Bb3 Bd5 15. Nd2 f5 16. Bc2 Qd6 17. b3 e5 18. Nc4 Bxc4 19. bxc4 exd4 20. Rfd1 c5 21. exd4 Rae8 22. Qf3 Nxc4 23. dxc5 Qxc5 24. Bxg7 Kxg7 25. Qxb7+ Rf7 26. Qa6 Qc8 27. Qb5 Rb7 28. Qd5 Ne5 29. Ba4 Qe6 30. Bxe8 Qxe8 31. Qxb7+ 1-0

[Event "Pardubice op rapid 30th"]
[Site "Pardubice"]
[Date "2019.07.17"]
[Round "1"]
[White "Zpevakova, Jana"]
[Black "Pulpan, Jakub"]
[Result "1-0"]
[WhiteElo "2109"]
[BlackElo "2414"]
[PlyCount "57"]
[EventDate "2019.07.17"]
[EventType "swiss (rapid)"]
[EventRounds "9"]
[EventCountry "CZE"]
[SourceTitle "CBM 191 Extra"]
[Source "ChessBase"]
[SourceDate "2019.09.30"]
[SourceVersion "1"]
[SourceVersionDate "2019.09.30"]
[SourceQuality "1"]

1. d4 Nf6 2. c4 e6 3. Nf3 d5 4. Nc3 c5 5. Bg5 cxd4 6. Nxd4 Nc6 7. e3 Bb4 8. Rc1 h6 9. Bxf6 Qxf6 10. cxd5 exd5 11. Bd3 Nxd4 12. exd4 0-0 13. 0-0 Be6 14. Bb1 Bd6 15. Qd3 g6 16. g3 a6 17. a3 Rfd8 18. Rfe1 h5 19. h4 Rac8 20. Re3 Rc4 21. Rd1 Bb8 22. Ba2 Rcc8 23. Rde1 Ba7 24. Re5 Bb8 25. R5e3 b5 26. Rf3 Qg7 27. Qd2 Rc6 28. Qg5 Qxd4 29. Qxd8+ 1-0

[Event "Prague Menchik Memorial rapid"]
[Site "Prague"]
[Date "2019.06.09"]
[Round "2"]
[White "Zpevakova, Jana"]
[Black "Burdalev, Kirill"]
[Result "1/2-1/2"]
[WhiteElo "2109"]
[BlackElo "2385"]
[PlyCount "157"]
[EventDate "2019.06.09"]
[EventType "swiss (rapid)"]
[EventRounds "9"]
[EventCountry "CSR"]
[SourceTitle "CBM 190 Extra"]
[Source "ChessBase"]
[SourceDate "2019.07.15"]
[SourceVersion "1"]
[SourceVersionDate "2019.07.15"]
[SourceQuality "1"]

1. d4 Nf6 2. c4 c5 3. d5 e6 4. Nc3 exd5 5. cxd5 d6 6. e4 g6 7. Bd3 a6 8. a4 Bg7 9. h3 0-0 10. Nf3 Re8 11. 0-0 c4 12. Bc2 Nbd7 13. Bf4 Nc5 14. Nd2 Nd3 15. Bg5 Nxb2 16. Qb1 h6 17. Bxf6 Qxf6 18. Ra3 Qf4 19. Nf3 Nd3 20. Bxd3 cxd3 21. Qxd3 Bd7 22. Rb1 Rac8 23. Ne2 Qxe4 24. Qxe4 Rxe4 25. Ng3 Rxa4 26. Rxa4 Bxa4 27. Rxb7 Bb5 28. Rb6 Rd8 29. Ne4 Bf8 30. Nd4 Bc4 31. Nd2 Bxd5 32. Rxa6 Ra8 33. Rb6 Ra1+ 34. Kh2 Bg7 35. N2f3 Bxf3 36. Nxf3 d5 37. Rb8+ Kh7 38. Rd8 Rd1 39. Kg3 Bf6 40. Rd7 Kg7 41. Kf4 Rd3 42. h4 Kf8 43. g4 Ke8 44. Rb7 Ra3 45. g5 hxg5+ 46. hxg5 Ra4+ 47. Ke3 Be7 48. Rb5 Re4+ 49. Kd3 Rf4 50. Ke3 Rf5 51. Nd4 Bxg5+ 52. Ke2 Re5+ 53. Kd3 Be7 54. Rb7 Rh5 55. Rb5 Bf6 56. Ne2 Kd7 57. Nf4 Rf5 58. Rxd5+ Rxd5+ 59. Nxd5 Bh4 60. f3 Ke6 61. Nc3 Kf5 62. Ke3 Bg5+ 63. Kf2 Bf6 64. Ne4 Bd4+ 65. Kg3 Be5+ 66. Kf2 Kf4 67. Kg2 f5 68. Nf2 Bd4 69. Nh3+ Ke5 70. Ng5 Be3 71. Nh3 Kd4 72. Kg3 Kd3 73. Kg2 Ke2 74. Kg3 Kf1 75. Kh2 g5 76. Kg3 Ke2 77. Kg2 g4 78. fxg4 fxg4 79. Kg3 1/2-1/2

[Event "CZE-chT1E 1819"]
[Site "Czech Republic"]
[Date "2019.03.24"]
[Round "10.5"]
[White "Mudrak, Josef"]
[Black "Zpevakova, Jana"]
[Result "1/2-1/2"]
[WhiteElo "2243"]
[BlackElo "2056"]
[PlyCount "47"]
[EventDate "2018.10.21"]
[EventType "team-tourn"]
[EventRounds "11"]
[EventCountry "CZE"]
[SourceTitle "CBM 189 Extra"]
[Source "ChessBase"]
[SourceDate "2019.06.03"]
[SourceVersion "1"]
[SourceVersionDate "2019.06.03"]
[SourceQuality "1"]
[WhiteTeam "Kromeriz"]
[BlackTeam "Stare Mesto"]
[WhiteTeamCountry "CZE"]
[BlackTeamCountry "CZE"]

1. d4 d5 2. Nf3 Nf6 3. Bf4 c5 4. e3 Nc6 5. Be2 cxd4 6. exd4 Bf5 7. c3 e6 8. Qb3 Bd6 9. Bxd6 Qxd6 10. Nbd2 0-0 11. 0-0 h6 12. Rfe1 a6 13. Bf1 b5 14. a4 b4 15. a5 Ne4 16. Nxe4 Bxe4 17. Nd2 Bg6 18. Qd1 Rfb8 19. Nb3 e5 20. Nc5 bxc3 21. bxc3 exd4 22. cxd4 Rb4 23. Nxa6 Rxd4 24. Qb3 1/2-1/2

[Event "CZE-chT1E 1819"]
[Site "Czech Republic"]
[Date "2019.03.03"]
[Round "9.5"]
[White "Zpevakova, Jana"]
[Black "Vesely, Tomas"]
[Result "1-0"]
[WhiteElo "2056"]
[BlackElo "2076"]
[PlyCount "65"]
[EventDate "2018.10.21"]
[EventType "team-tourn"]
[EventRounds "11"]
[EventCountry "CZE"]
[SourceTitle "CBM 189 Extra"]
[Source "ChessBase"]
[SourceDate "2019.06.03"]
[SourceVersion "1"]
[SourceVersionDate "2019.06.03"]
[SourceQuality "1"]
[WhiteTeam "Stare Mesto"]
[BlackTeam "Polabiny III"]
[WhiteTeamCountry "CZE"]
[BlackTeamCountry "CZE"]

1. d4 e6 2. c4 b6 3. Nf3 Bb7 4. g3 Nf6 5. Bg2 c5 6. e3 cxd4 7. exd4 Bb4+ 8. Bd2 Be7 9. 0-0 0-0 10. Qe2 d6 11. Nc3 a6 12. Rad1 Nbd7 13. Rfe1 Re8 14. b3 Rc8 15. Bh3 Nf8 16. d5 exd5 17. Bxc8 Qxc8 18. Nxd5 Nxd5 19. cxd5 Bxd5 20. Bb4 Qb7 21. Nd4 Ne6 22. Nxe6 fxe6 23. Rxd5 Qxd5 24. Rd1 Qf5 25. Bxd6 b5 26. Bxe7 Rxe7 27. Rd6 Kf7 28. Kg2 Rc7 29. Rxa6 Rc3 30. Rd6 b4 31. Rd4 Rc2 32. Qf3 Rxa2 33. Rf4 1-0

[Event "CZE-chT1E 1819"]
[Site "Czech Republic"]
[Date "2019.02.17"]
[Round "8.4"]
[White "Zpevakova, Jana"]
[Black "Tomaszewski, Kacper"]
[Result "0-1"]
[WhiteElo "2056"]
[BlackElo "2246"]
[PlyCount "92"]
[EventDate "2018.10.21"]
[EventType "team-tourn"]
[EventRounds "11"]
[EventCountry "CZE"]
[SourceTitle "CBM 189 Extra"]
[Source "ChessBase"]
[SourceDate "2019.06.03"]
[SourceVersion "1"]
[SourceVersionDate "2019.06.03"]
[SourceQuality "1"]
[WhiteTeam "Stare Mesto"]
[BlackTeam "Orlova Slavia"]
[WhiteTeamCountry "CZE"]
[BlackTeamCountry "CZE"]

1. d4 Nf6 2. c4 g6 3. Nc3 d5 4. cxd5 Nxd5 5. Na4 Nb6 6. e4 Bg7 7. Be3 0-0 8. Nf3 Bg4 9. Nc5 Qc8 10. Qb3 Bxf3 11. gxf3 Nc6 12. e5 e6 13. h4 h5 14. 0-0-0 Rb8 15. Bd3 Nd5 16. Rdg1 Nce7 17. Kb1 b6 18. Ne4 Kh8 19. Ng3 Nxe3 20. fxe3 Bh6 21. Be4 Qd8 22. Rd1 c6 23. f4 a5 24. Bc2 Qd5 25. Qd3 Qf3 26. Rdg1 Nd5 27. Nf1 Nb4 28. Qd2 Nxc2 29. Qxc2 c5 30. Rh2 cxd4 31. Rf2 Qd5 32. e4 Qb5 33. Ng3 Rbc8 34. Qd1 d3 35. a4 Qc5 36. Rgf1 Rfd8 37. Rd2 Qc4 38. Rf3 Rd4 39. Rfxd3 Rxd3 40. Rxd3 Bxf4 41. Rc3 Qa6 42. Nxh5 Bxe5 43. Rd3 Qa8 44. Qf3 Qc6 45. Rb3 Qc1+ 46. Ka2 Rc2 0-1

[Event "CZE-chT1E 1819"]
[Site "Czech Republic"]
[Date "2018.11.25"]
[Round "3.6"]
[White "Krejca, Jakub"]
[Black "Zpevakova, Jana"]
[Result "1-0"]
[WhiteElo "2141"]
[BlackElo "2056"]
[PlyCount "165"]
[EventDate "2018.10.21"]
[EventType "team-tourn"]
[EventRounds "11"]
[EventCountry "CZE"]
[SourceTitle "CBM 187 Extra"]
[Source "ChessBase"]
[SourceDate "2018.11.04"]
[SourceVersion "1"]
[SourceVersionDate "2018.11.04"]
[SourceQuality "1"]
[WhiteTeam "Hostalkova"]
[BlackTeam "Stare Mesto"]
[WhiteTeamCountry "CZE"]
[BlackTeamCountry "CZE"]

1. e4 c6 2. d4 d5 3. exd5 cxd5 4. Bd3 Nc6 5. c3 Nf6 6. h3 e6 7. Nf3 Bd6 8. 0-0 0-0 9. Bg5 e5 10. dxe5 Nxe5 11. Nxe5 Bxe5 12. Nd2 Qb6 13. Nf3 Bc7 14. Qb3 Qd6 15. Rad1 Bd7 16. Bxf6 Qxf6 17. Qxd5 Bc6 18. Qg5 Bxf3 19. Qxf6 gxf6 20. gxf3 Rad8 21. Rfe1 Be5 22. Bb5 Rxd1 23. Rxd1 Rc8 24. Kf1 Rc7 25. Ke2 a6 26. Ba4 b5 27. Bb3 a5 28. Rd5 Rb7 29. Kd3 Kf8 30. Rd8+ Ke7 31. Ra8 Rd7+ 32. Ke3 Bc7 33. Rh8 a4 34. Bc2 Bb6+ 35. Ke2 h6 36. Rxh6 a3 37. bxa3 Rc7 38. Bb3 Bc5 39. a4 bxa4 40. Bxa4 Bd6 41. Bb3 Kf8 42. c4 Re7+ 43. Kf1 Kg7 44. Rh4 Bb4 45. Re4 Rd7 46. Re2 Rd8 47. Ba4 Ra8 48. Bb5 Ra3 49. Kg2 Kg6 50. Rc2 Bc5 51. Bc6 f5 52. f4 Bd6 53. c5 Bxf4 54. Bd5 Ra5 55. Bb3 Bc7 56. c6 f6 57. Rc4 Re5 58. a4 Kh6 59. Bd1 Kg6 60. Bf3 Ra5 61. Rb4 Bd6 62. Rd4 Be5 63. Rb4 Bd6 64. Rh4 f4 65. Rh8 Rxa4 66. Rd8 Be5 67. Rd7 Rc4 68. Bd5 Rc5 69. Be4+ f5 70. Bf3 Kg5 71. Rd5 Rxd5 72. Bxd5 Bc7 73. Be6 Kf6 74. Bd7 Ke5 75. Kf3 Bd8 76. Ke2 Kd6 77. f3 Bh4 78. Kd3 Bd8 79. Kc4 Bf6 80. Kb5 Bh4 81. Bxf5 Bd8 82. Bd7 Kc7 83. Kc5 1-0

[Event "Stare Mesto op"]
[Site "Stare Mesto"]
[Date "2018.08.26"]
[Round "9"]
[White "Zpevakova, Jana"]
[Black "Zavodsky, Jiri"]
[Result "1/2-1/2"]
[WhiteElo "2088"]
[BlackElo "1746"]
[PlyCount "45"]
[EventDate "2018.08.18"]
[EventType "swiss"]
[EventRounds "9"]
[EventCountry "CZE"]
[SourceTitle "CBM 186 Extra"]
[Source "ChessBase"]
[SourceDate "2018.08.24"]
[SourceVersion "1"]
[SourceVersionDate "2018.08.24"]
[SourceQuality "1"]

1. d4 d5 2. c4 e6 3. Nf3 Nf6 4. Nc3 Be7 5. Bg5 0-0 6. e3 Ne4 7. Bxe7 Qxe7 8. Qc2 Nxc3 9. Qxc3 dxc4 10. Bxc4 b6 11. 0-0 Bb7 12. Be2 Rc8 13. b4 Nd7 14. Rfd1 a5 15. b5 c5 16. bxc6 Bxc6 17. Qb2 Qb4 18. Rab1 Be4 19. a3 Qc3 20. Qxc3 Rxc3 21. Rb2 Rac8 22. Nd2 Bd3 23. Bxd3 1/2-1/2